The circuits and filters handbook / (Record no. 61137)
[ view plain ]
| 000 -LEADER | |
|---|---|
| fixed length control field | 01228cam a2200301 a 4500 |
| 001 - CONTROL NUMBER | |
| control field | 3032094 |
| 003 - CONTROL NUMBER IDENTIFIER | |
| control field | NUST-PNEC |
| 005 - DATE AND TIME OF LATEST TRANSACTION | |
| control field | 20170116180715.0 |
| 008 - FIXED-LENGTH DATA ELEMENTS--GENERAL INFORMATION | |
| fixed length control field | 950207s1995 flua b 001 0 eng |
| 010 ## - LIBRARY OF CONGRESS CONTROL NUMBER | |
| LC control number | 95007037 |
| 020 ## - INTERNATIONAL STANDARD BOOK NUMBER | |
| International Standard Book Number | 0849383412 |
| 040 ## - CATALOGING SOURCE | |
| Transcribing agency | PNEC |
| 050 00 - LIBRARY OF CONGRESS CALL NUMBER | |
| Classification number | TK7867 |
| Item number | .C4977 1995 |
| 082 00 - DEWEY DECIMAL CLASSIFICATION NUMBER | |
| Classification number | 621.3815 CHE |
| Edition number | 20 |
| 100 ## - MAIN ENTRY--PERSONAL NAME | |
| 9 (RLIN) | 679 |
| Personal name | Chen, Wai-Kai |
| 245 04 - TITLE STATEMENT | |
| Title | The circuits and filters handbook / |
| Statement of responsibility, etc. | editor-in-chief, Wai-Kai Chen. |
| 250 ## - EDITION STATEMENT | |
| Edition statement | 1st ed. |
| 260 ## - PUBLICATION, DISTRIBUTION, ETC. | |
| Place of publication, distribution, etc. | Boca Raton, Fla. : |
| Name of publisher, distributor, etc. | CRC Press ; |
| Place of publication, distribution, etc. | [New York] : |
| Name of publisher, distributor, etc. | IEEE Press, |
| Date of publication, distribution, etc. | 1995. |
| 300 ## - PHYSICAL DESCRIPTION | |
| Extent | xviii, 2861 p. : |
| Other physical details | ill. ; |
| Dimensions | 27 cm. |
| 500 ## - GENERAL NOTE | |
| General note | Includes Index http://www.amazon.com/Circuits-Filters-Handbook-Wai-Kai-Chen/dp/0849383412/ref=sr_1_1?s=books&ie=UTF8&qid=1413526065&sr=1-1&keywords=0849383412 |
| 504 ## - BIBLIOGRAPHY, ETC. NOTE | |
| Bibliography, etc. note | Includes bibliographical references and indexes. |
| 650 #0 - SUBJECT ADDED ENTRY--TOPICAL TERM | |
| Topical term or geographic name entry element | Electronic circuits. |
| General subdivision | EE |
| 650 #0 - SUBJECT ADDED ENTRY--TOPICAL TERM | |
| Topical term or geographic name entry element | Electric filters. |
| 700 1# - ADDED ENTRY--PERSONAL NAME | |
| Personal name | Chen, Wai-Kai, |
| Dates associated with a name | 1936- |
| 906 ## - LOCAL DATA ELEMENT F, LDF (RLIN) | |
| a | 7 |
| b | cbc |
| c | orignew |
| d | 1 |
| e | ocip |
| f | 19 |
| g | y-gencatlg |
| 942 ## - ADDED ENTRY ELEMENTS (KOHA) | |
| Source of classification or shelving scheme | |
| Koha item type | Book |
| Withdrawn status | Lost status | Source of classification or shelving scheme | Damaged status | Not for loan | Permanent Location | Current Location | Shelving location | Date acquired | Total Checkouts | Full call number | Barcode | Date last seen | Price effective from | Koha item type |
|---|---|---|---|---|---|---|---|---|---|---|---|---|---|---|
| Pakistan Navy Engineering College (PNEC) | Pakistan Navy Engineering College (PNEC) | Reference | 12/03/1997 | 621.3815 CHE | PNECLIB-019606 | 10/17/2014 | 12/03/1997 | Book |
